000 00679nam a2200253Ia 4500
003 OSt
005 20220925223310.0
006 a|||||r|||| 00| 0
007 ta
008 220923b |||||||| |||| 00| 0 eng d
020 _a0415081858
037 _cGeneral Book
040 _aRTL
_cRTL
_beng
041 _2eng
_aeng
082 _aY:6, N4
100 _aWagner Peter
_931718
245 0 _aSociology of modernity
_b Liberty and discipline
260 _aLondon
_bRoutledge
_c1994
300 _axv,267p
_ccm.
500 _aBibliography: p 240-60
650 _aSocial Change
942 _hY:6, N4
_cGB
_2CC
999 _c579176
_d579176